| 000 | 00343 a2200145 4500 | ||
|---|---|---|---|
| 001 | 171645 | ||
| 020 | _a | ||
| 040 | _cMagnum | ||
| 100 | _aTocafundo, Ana Luzia | ||
| 240 | 1 | 0 |
_aUma aventura que virou uma boa licao _lpor |
| 245 | 1 | 0 | _aUma aventura que virou uma boa licao |
| 362 | 0 | _a1899 | |
| 697 | _aIJ/AVENTURA, CRIANCAS | ||
| 942 | _cBK | ||
| 999 |
_c171645 _d171645 |
||